000 01289nam a2200229Ia 4500
003 Ost
005 20260507075042.0
008 260507s9999||||xx |||||||||||||| ||und||
020 _a9775723728
040 _cfsecg
041 _aara
082 _a330
100 _aالشكري، علي يوسف
_eمؤلف
245 0 _aالمنظمات الدولية والإقليمية والمتخصصة :
_bدراسة في عصبة الأمم المتحدة والجامعة العربية ومنظمة الوحدة الإفريقية ومنظمة الصحة العالمية وجمعية الهلال الأحمر الليبي /
_c علي يوسف الشكري
260 _aالقاهرة:
_bايتراك للنشر,
_c2003
300 _a313 صفحة؛
_bإيضاحات ؛
_c27 سم
520 _aنشأة المنظمات الدولية وشخصيتها القانونية، المنظمات الدولية(الأمم المتحدة)، المنظمات الإقليمية، المنظمات الدولية المتخصصة(منظمة الصحة العالمية)، المنظمات غير الحكومية
653 _aالمنظمات الاقليمية
653 _aالمنظمات الدولية
653 _aالمنظمات الدولية الاقليمية
942 _cكتاب
999 _c42526
_d42526